[Event "Ottawa op"]
[Site "Ottawa"]
[Date "1972.01.29"]
[Round "3.9"]
[White "Kobuziak, Taras"]
[Black "Jeanneret, Charles"]
[Result "0-1"]
[WhiteElo "1617"]
[BlackElo "2005"]
[PlyCount "49"]
[EventDate "1972.01.29"]
[EventType "swiss"]
[EventRounds "5"]
[EventCountry "CAN"]
[SourceTitle "EXT 2022"]
[Source "ChessBase"]
[SourceDate "2021.10.06"]
[SourceVersion "1"]
[SourceVersionDate "2021.10.06"]
[SourceQuality "1"]

1. e4 e6 2. Nf3 d5 3. exd5 exd5 4. d4 Bd6 5. Bd3 Ne7 6. 0-0 0-0 7. Ne5 f6 8. Qh5 f5 9. Bg5 c5 10. c3 cxd4 11. f4 Qb6 12. Rf2 dxc3 13. Nxc3 Nbc6 14. Na4 Qd4 15. Bxe7 Nxe7 16. Qd1 a6 17. Rc1 b5 18. Nc3 Bc5 19. Qf3 Qxf2+ 20. Qxf2 Bxf2+ 21. Kxf2 Bb7 22. a4 b4 23. Ne2 a5 24. Nd7 Nc6 25. Ne5 0-1